000 02286cam a2200373I 4500
001 460255
003 GBCCL
005 20241126110338.0
008 711112s1962 miu 001 0 eng c
010 _a 62005028
020 _a0802810012
020 _a9780802810014
035 _a(OCoLC)ocm00171029
035 _a(OCoLC)171029
040 _aMAL
_beng
_cMAL
_dBAKER
_dOCLCG
_dAU@
_dOCLCQ
_dSGB
_dOCLCA
_dCFT
_dP4I
_dOCLCQ
_dOCLCF
_dCIRBC
_dLBB
049 _aLBBK
_aLBBC
_c1-2
050 4 _aBV2110
_b.A5 1962
082 0 _a266.001
_bALL
100 1 _aAllen, Roland,
_d1869-1947.
245 1 0 _aMissionary methods :
_bSt. Paul's or ours? /
_cby Roland Allen.
260 _aGrand Rapids, Mich :
_bWm B. Eerdmans Pub. Co.,
_c[�1962], 1993
300 _a179 pages ;
_c22 cm
336 _atext
_btxt
_2rdacontent
337 _aunmediated
_bn
_2rdamedia
338 _avolume
_bnc
_2rdacarrier
500 _aCompanion volume to the author's The spontaneous expansion of the church.
505 0 _aForeword / Lesslie Newbigin -- Publisher's foreword -- Author's preface -- Part 1 : Antecedent conditions. Introduction -- Strategic points -- Class -- Moral and social condition -- Part 2 : The presentation of the gospel. Miracles -- Finance -- The substance of St. Paul's preaching -- Part 3 : The training of converts. The teaching -- The training of candidates for baptism and ordination -- Part 4 : St. Paul's method of dealing with organized churches. Authority and discipline -- Unity -- Part 5 : Conclusions. Principles and spirit -- Application -- Epilogue.
520 _aWe are talking today of indigenous churches. St. Paul's churches were indigenous churches in the proper sense of the word; and I believe that the secret of their foundation lay in his recognition of the church as a local church (as opposed to our "national churches") and in his profound belief and trust in the Holy Spirit indwelling his converts and the churches of which they were members, which enabled him to establish them at once with full authority. - Author's preface to the second (1927) edition.
600 0 0 _aPaul,
_cthe Apostle, Saint.
600 0 7 _aPaul,
_cthe Apostle, Saint.
_2fast
_0(OCoLC)fst00037330
650 0 _aMissions.
650 7 _aMissions.
_2fast
_0(OCoLC)fst01023771
942 _2ddc
_cBK
_013
999 _c465
_d465